=LDR 00000nam 2200000 4500 =001 INLIS000000000044130 =005 20201005101154 =035 ##$$a 0010-101300000002052 =008 201005################g##########0#ind## =041 ##$$a Ind =082 ##$$a 306.095 981 4 =090 ##$$a 306.095 981 4 =245 1#$$a Pembinaan nilai budaya melalui permainan rakyat Daerah Riau /$c Syahrial De Saputra Tarigan, Novendra, Refisrul, Sasmita =260 ##$$a Tanjung Pinang :$b Depdikbud,$c 1997 =300 ##$$a ii, 108 hlm : $b Ilus ; $c 21 x 16 cm =650 #4$$a Permainan Rakyat-Riau =850 ##$$a NBPNMAT =084 ##$$a 306.095 981 4 PEM p =100 #$$a Pembinaan nilai budaya melalui permainan rakyat Daerah Riau =990 ##$$a 145.725/Hd.99 =990 ##$$a 145.724/Hd.99